Cork Airport Destinations (Cork, Ireland) - Statistics

General Stats
  • This quiz has been taken 206 times
    54 since last reset
  • The average score is 29 of 50
Answer Stats
Airline Destination % Correct
Ryanair London (Gatwick)
98%
Aer Lingus London (Heathrow)
98%
Ryanair London (Luton)
98%
Ryanair London (Stansted)
98%
KLM Amsterdam
93%
Ryanair Manchester
93%
Air France Paris (Charles de Gaulle)
93%
Ryanair Edinburgh
89%
Aer Lingus Glasgow
89%
Ryanair Barcelona
86%
Lufthansa Frankfurt
82%
Edelweiss Air Zürich
82%
Ryanair Rome (Ciampino)
80%
Ryanair Birmingham
77%
Ryanair Liverpool
77%
Aer Lingus Lyon
73%
Aer Lingus Bristol
70%
Aer Lingus Munich
66%
Aer Lingus/Ryanair Palma de Mallorca
66%
Aer Lingus Geneva
61%
Aer Lingus/Ryanair Málaga
61%
Ryanair Valencia
61%
Ryanair Gran Canaria
59%
Ryanair Alicante
57%
Aer Lingus Bordeaux
57%
Aer Lingus/Ryanair Faro
57%
Aer Lingus Prague
57%
Ryanair Seville
57%
Aer Lingus/Ryanair Tenerife (South)
57%
Ryanair Venice
52%
SunExpress Antalya
50%
Aer Lingus/Ryanair Lanzarote
50%
SunExpress İzmir
48%
Aer Lingus Bilbao
45%
Ryanair Rhodes
45%
Aer Lingus Dubrovnik
41%
Ryanair Fuerteventura
41%
Ryanair Girona
36%
Ryanair Bergamo
34%
Ryanair Zadar
34%
Ryanair Pisa
30%
Ryanair Gdańsk
27%
Ryanair Reus
27%
Aer Lingus Salzburg
27%
Ryanair Alghero
23%
Ryanair Beauvais
23%
Ryanair Charleroi
23%
Ryanair Carcassonne
14%
Ryanair La Rochelle
14%
Ryanair Poznań
14%
No matching quizzes found
Score Distribution
Percent of People with Each Score
Percentile by Number Answered
Your Score History
You have not taken this quiz since the last reset